000 00523nam a2200205Ia 4500
003 OSt
005 20221007112531.0
006 a|||||r|||| 00| 0
007 ta
008 221006b |||||||| |||| 00| 0 eng d
024 _a28,451
037 _cBound Volume
040 _aLCO
_cLCO
_beng
041 _2eng
_aeng
245 4 _aTHE COMPLETE DIGEST OF SUPREME COURT CASE
260 _aLucknow
_bEastern Book Co. India
_c1971
490 _v6 -1976
942 _cCR
999 _c1198014
_d1198014